000 00285nam a22001337a 4500
008 170720b xxu||||| |||| 00| 0 eng d
020 _a9780231150569
041 _aeng
080 _a2
100 _a24
101 _aTEO
245 _aAN ETHICS FOR TODAY
_cRORTY, R
942 _2udc
_cBK
999 _c21647
_d21647